| 000 | 00640nam a2200181 a 4500 | ||
|---|---|---|---|
| 005 | 20210219160523.0 | ||
| 008 | 081109s1988 mx r 000 0 spa d | ||
| 035 | _aUPN01000167400 | ||
| 049 | _aUNE | ||
| 080 | _a37. 014.22 (533)=20 LIT1984 No.183. | ||
| 100 | 1 | _aMohammed Saeed Fata | |
| 245 | 1 | 4 |
_aThe 1984 literacy campaign in the People's Democratic Republic of Yemen : _ba case study / _cby Mohammed Saeed Fata and Nigel Fisher. |
| 260 |
_aParĂs : _bUNESCO; _aNueva York : _bUNICEF; _c1988. |
||
| 300 | _a11 p. | ||
| 440 | 0 |
_aNotes, comments... ; _v183 |
|
| 690 | _aYemen (Republica Democratica) - Alfabetizacion | ||
| 905 | _aUNESCO | ||
| 999 |
_c139511 _d139511 |
||